| 000 | 00415nam a2200133Ia 4500 | ||
|---|---|---|---|
| 005 | 20260328104307.0 | ||
| 008 | 260328s9999||||xx |||||||||||||| ||und|| | ||
| 100 | _aInstituto de Desarrollo Experimental de la Construcción | ||
| 245 | 0 |
_aTecnologia y Construcción 2002 / _cInstituto de Desarrollo Experimental de la Construcción |
|
| 260 | _bReencuentro | ||
| 300 | _a82 p. | ||
| 650 | _aTECNOLOGIA | ||
| 942 | _cBK | ||
| 999 |
_c10785 _d10785 |
||